[Event "38th POL-ch"]
[Site "Warszawa POL"]
[Date "1981.??.??"]
[Round "1"]
[White "Bielczyk, Jacek"]
[Black "Pokojowczyk, Jerzy"]
[Result "1/2-1/2"]
[WhiteElo "2410"]
[BlackElo "2390"]
[EventDate "1981.??.??"]
[PlyCount "50"]

1.e4 c5 2.Nf3 d6 3.d4 cxd4 4.Nxd4 Nf6 5.Nc3 a6 6.f4 Qc7 7.Bd3 g6 8.O-O Bg7
9.Kh1 Nbd7 10.a4 O-O 11.Qe2 b6 12.Nf3 Bb7 13.Bd2 Nc5 14.b4 Nxd3 15.cxd3 e6
16.Rfc1 Rfc8 17.Ra2 Qd8 18.Rac2 Nd7 19.Be3 a5 20.Nb5 Rxc2 21.Qxc2 Rc8 22.
Qb1 Rxc1+ 23.Qxc1 axb4 24.Nxd6 Ba6 25.e5 Bxd3 1/2-1/2

[Event "38th POL-ch"]
[Site "Warszawa POL"]
[Date "1981.??.??"]
[Round "1"]
[White "Ksieski, Zbigniew"]
[Black "Jasnikowski, Zbigniew"]
[Result "1-0"]
[WhiteElo "2345"]
[BlackElo "2380"]
[EventDate "1981.??.??"]
[PlyCount "88"]

1.d4 Nf6 2.c4 g6 3.g3 Bg7 4.Bg2 O-O 5.Nc3 d6 6.Nf3 Nbd7 7.O-O e5 8.e4 c6 
9.h3 Re8 10.Re1 a6 11.Be3 b5 12.dxe5 dxe5 13.Qc2 Bf8 14.Red1 Qa5 15.Nd2 b4
16.Na4 c5 17.a3 Qc7 18.axb4 cxb4 19.c5 Bb7 20.Nb3 a5 21.Rdc1 Ra6 22.f3 Nh5
23.Kh2 f5 24.exf5 e4 25.f4 g5 26.Qc4+ Kg7 27.Qf1 gxf4 28.gxf4 Ndf6 29.Nb6 
Rd8 30.Nd4 Rxd4 31.Bxd4 Nxf4 32.Kg1 Nd3 33.c6 Rxb6 34.cxb7 Qxb7 35.Qxd3 
exd3 36.Bxb7 Rxb7 37.Rxa5 Rd7 38.Ra7 Rxa7 39.Bxa7 Ne4 40.Bd4+ Kf7 41.Kg2 
Bh6 42.Rd1 d2 43.Kf3 Ng5+ 44.Ke2 Nxh3 1-0

[Event "38th POL-ch"]
[Site "Warszawa POL"]
[Date "1981.??.??"]
[Round "1"]
[White "Panczyk, Krzysztof"]
[Black "Adamski, Jan"]
[Result "1/2-1/2"]
[WhiteElo "2365"]
[BlackElo "2430"]
[EventDate "1981.??.??"]
[PlyCount "64"]

1.d4 Nf6 2.c4 e6 3.Nc3 Bb4 4.e3 c5 5.Bd3 O-O 6.Nf3 d5 7.O-O Nc6 8.a3 cxd4 
9.exd4 dxc4 10.Bxc4 Bxc3 11.bxc3 Qa5 12.Qd3 e5 13.Nxe5 Nxe5 14.dxe5 Qxe5 
15.Qe3 Qc7 16.Qf4 Qxf4 17.Bxf4 Be6 18.Be2 Rac8 19.Be5 Bc4 20.Bxc4 Rxc4 21.
Rfd1 Ne4 22.Rd7 f6 23.Bd4 Nxc3 24.Bxc3 Rxc3 25.Rxb7 Rfc8 26.g3 R8c7 27.
Rxc7 Rxc7 28.Rd1 Kf7 29.Rd4 Ke6 30.Kg2 a5 31.h4 Rc5 32.Rd8 Rc3 1/2-1/2

[Event "38th POL-ch"]
[Site "Warszawa POL"]
[Date "1981.??.??"]
[Round "1"]
[White "Przewoznik, Jan"]
[Black "Rakowiecki, Tomasz"]
[Result "1-0"]
[WhiteElo "2370"]
[BlackElo "2270"]
[EventDate "1981.??.??"]
[PlyCount "71"]

1.e4 g6 2.d4 Bg7 3.c4 d6 4.Nc3 Nd7 5.f4 e5 6.fxe5 dxe5 7.d5 Ngf6 8.Nf3 O-O
9.Bd3 c5 10.Bg5 h6 11.Bh4 g5 12.Bf2 Qe7 13.h4 Ng4 14.Bg1 f5 15.Qe2 f4 16.
Nxg5 Ndf6 17.Ne6 Bxe6 18.dxe6 Rac8 19.h5 Qxe6 20.Rh4 Kh8 21.O-O-O Rg8 22.
Qf3 Bf8 23.Be2 Ne3 24.Bxe3 Rg3 25.Qf2 Rxe3 26.Rd3 Nxe4 27.Qe1 Nxc3 28.Rxe3
Nxa2+ 29.Kb1 fxe3 30.Bg4 Qa6 31.Bxc8 Nb4 32.Qxe3 Qa2+ 33.Kc1 Qa1+ 34.Kd2 
Qxb2+ 35.Kd1 Be7 36.Qxh6+ 1-0

[Event "38th POL-ch"]
[Site "Warszawa POL"]
[Date "1981.??.??"]
[Round "1"]
[White "Schinzel, Wladyslaw"]
[Black "Nowak, Ignacy"]
[Result "1/2-1/2"]
[WhiteElo "2375"]
[BlackElo "2370"]
[EventDate "1981.??.??"]
[PlyCount "25"]

1.d4 Nf6 2.Nf3 e6 3.Bg5 Be7 4.c4 b6 5.Nc3 Bb7 6.Rc1 h6 7.Bxf6 Bxf6 8.e4 d6
9.Be2 Nd7 10.O-O O-O 11.Qd2 c5 12.d5 Re8 13.Ne1 1/2-1/2

[Event "38th POL-ch"]
[Site "Warszawa POL"]
[Date "1981.??.??"]
[Round "1"]
[White "Schmidt, Wlodzimierz"]
[Black "Hawelko, Marek"]
[Result "1-0"]
[WhiteElo "2495"]
[BlackElo "2345"]
[EventDate "1981.??.??"]
[PlyCount "85"]

1.d4 Nf6 2.c4 e6 3.Nf3 c5 4.d5 exd5 5.cxd5 d6 6.Nc3 g6 7.e4 Bg7 8.Be2 O-O 
9.O-O a6 10.a4 Bg4 11.Bf4 Qe7 12.Nd2 Bxe2 13.Qxe2 Nh5 14.Be3 Nd7 15.g4 
Nhf6 16.f3 h5 17.g5 Nh7 18.f4 Rae8 19.Rae1 Bd4 20.Kh1 f6 21.h4 f5 22.exf5 
Rxf5 23.Bxd4 Qxe2 24.Nxe2 cxd4 25.Nxd4 Rxe1 26.Rxe1 Rxf4 27.Re4 Rf2 28.Nc4
Nc5 29.Re8+ Rf8 30.Nxd6 Rxe8 31.Nxe8 Nxa4 32.Nd6 Nc5 33.b4 Nd3 34.Nxb7 
Nxb4 35.d6 Nf8 36.Nc5 Kf7 37.Kg2 Ke8 38.Kf3 Nd7 39.Ndb3 a5 40.Ke4 Nxc5+ 
41.Nxc5 Nc6 42.Kd5 Nb4+ 43.Ke6 1-0

[Event "38th POL-ch"]
[Site "Warszawa POL"]
[Date "1981.??.??"]
[Round "1"]
[White "Stempin, Pawel"]
[Black "Kruszynski, Wlodzimierz"]
[Result "1/2-1/2"]
[WhiteElo "2325"]
[BlackElo "2325"]
[EventDate "1981.??.??"]
[PlyCount "100"]

1.d4 Nf6 2.c4 e6 3.Nf3 b6 4.g3 Ba6 5.Nbd2 c5 6.Bg2 Bb7 7.dxc5 Bxc5 8.O-O 
O-O 9.b3 d5 10.cxd5 exd5 11.Bb2 Nc6 12.Ne1 Re8 13.Nd3 Bd4 14.Bxd4 Nxd4 15.
e3 Ne6 16.Re1 Qd6 17.Nf3 Rac8 18.Nc1 Qa3 19.Nd4 Ng5 20.Nce2 Nge4 21.Nf4 
Ba6 22.Nh5 Qb2 23.Nxf6+ Nxf6 24.Qb1 Qa3 25.Qf5 h6 26.Bf1 Bxf1 27.Rxf1 Qd6 
28.Rac1 Rc5 29.Rc2 g6 30.Qd3 Ne4 31.Rfc1 Qf6 32.Kg2 h5 33.Nf3 Qe6 34.h3 
Rec8 35.Rxc5 Rxc5 36.Rd1 a5 37.Nd4 Qc8 38.h4 Qc7 39.Rf1 Rc3 40.Qe2 Qe5 41.
Re1 Rc5 42.Qb2 Nc3 43.Kg1 b5 44.a3 b4 45.axb4 axb4 46.Ra1 Rc8 47.Ra7 Ne4 
48.Kg2 Qd6 49.Ra5 Nc3 50.Qa1 Qe5 1/2-1/2

[Event "38th POL-ch"]
[Site "Warszawa POL"]
[Date "1981.??.??"]
[Round "2"]
[White "Adamski, Jan"]
[Black "Ksieski, Zbigniew"]
[Result "0-1"]
[WhiteElo "2430"]
[BlackElo "2345"]
[EventDate "1981.??.??"]
[PlyCount "44"]

1.d4 Nf6 2.c4 d6 3.Nc3 Nbd7 4.e4 e5 5.Nf3 g6 6.Be2 Bg7 7.O-O O-O 8.Re1 c6 
9.Bf1 exd4 10.Nxd4 Ng4 11.h3 Qb6 12.hxg4 Bxd4 13.Qd2 Bg7 14.g5 Ne5 15.b3 
f6 16.Na4 Qd8 17.gxf6 Qxf6 18.Bb2 Bh6 19.Qc2 Bf4 20.Bxe5 Bxe5 21.Rad1 Bg4 
22.Rd2 Qh4 0-1

[Event "38th POL-ch"]
[Site "Warszawa POL"]
[Date "1981.??.??"]
[Round "2"]
[White "Bielczyk, Jacek"]
[Black "Schinzel, Wladyslaw"]
[Result "1-0"]
[WhiteElo "2410"]
[BlackElo "2375"]
[EventDate "1981.??.??"]
[PlyCount "79"]

1.e4 e6 2.Nf3 d5 3.Nc3 Nf6 4.e5 Nfd7 5.d4 c5 6.dxc5 Nc6 7.Bf4 Bxc5 8.Bd3 
f6 9.exf6 Nxf6 10.O-O O-O 11.Ne5 Bd7 12.Qe2 Qe7 13.Rae1 Rae8 14.a3 a6 15.
Bg3 Bd4 16.Nd1 Qd8 17.c4 Bc8 18.Qc2 Nxe5 19.Bxe5 Bxe5 20.Rxe5 Qc7 21.Rfe1 
d4 22.b4 h6 23.f3 Rd8 24.Qe2 b6 25.Nf2 a5 26.Ng4 axb4 27.axb4 Nxg4 28.fxg4
Rf4 29.g5 hxg5 30.Rxg5 Rh4 31.g3 Rh6 32.Rh5 Rf6 33.Rf1 Rxf1+ 34.Qxf1 g6 
35.Bxg6 Rd7 36.Rh8+ Kg7 37.Qf8+ Kxg6 38.Rh6+ Kg5 39.Qf6+ Kg4 40.Rh4# 1-0

[Event "38th POL-ch"]
[Site "Warszawa POL"]
[Date "1981.??.??"]
[Round "2"]
[White "Hawelko, Marek"]
[Black "Stempin, Pawel"]
[Result "0-1"]
[WhiteElo "2345"]
[BlackElo "2325"]
[EventDate "1981.??.??"]
[PlyCount "74"]

1.e4 e5 2.Nf3 Nf6 3.d4 Nxe4 4.Bd3 d5 5.Nxe5 Bd6 6.O-O O-O 7.c4 Bxe5 8.dxe5
Nc6 9.cxd5 Qxd5 10.Qc2 Nb4 11.Bxe4 Nxc2 12.Bxd5 Bf5 13.g4 Bxg4 14.Bf4 Nxa1
15.Be4 f5 16.exf6 Rae8 17.Nc3 Rxe4 18.Nxe4 Nc2 19.Be5 Bf3 20.f7+ Kxf7 21.
Ng5+ Kg6 22.Nxf3 Rxf3 23.Rc1 Nb4 24.Rxc7 Rf7 25.a3 Rxc7 26.Bxc7 Nd3 27.b3 
Kf5 28.Kg2 Ke4 29.Kg3 Nc5 30.b4 Ne6 31.Bb8 a6 32.Kg4 g6 33.f4 h5+ 34.Kg3 
b5 35.Be5 g5 36.Bb8 gxf4+ 37.Kf2 Nd4 0-1

[Event "38th POL-ch"]
[Site "Warszawa POL"]
[Date "1981.??.??"]
[Round "2"]
[White "Jasnikowski, Zbigniew"]
[Black "Schmidt, Wlodzimierz"]
[Result "1/2-1/2"]
[WhiteElo "2380"]
[BlackElo "2495"]
[EventDate "1981.??.??"]
[PlyCount "26"]

1.e4 c5 2.Nf3 e6 3.d3 Nc6 4.g3 Nge7 5.Bg2 g6 6.O-O Bg7 7.Nbd2 O-O 8.Re1 d6
9.a4 h6 10.c3 e5 11.Nc4 Be6 12.Nfd2 Qd7 13.a5 Rad8 1/2-1/2

[Event "38th POL-ch"]
[Site "Warszawa POL"]
[Date "1981.??.??"]
[Round "2"]
[White "Kruszynski, Wlodzimierz"]
[Black "Sznapik, Aleksander"]
[Result "0-1"]
[WhiteElo "2325"]
[BlackElo "2450"]
[EventDate "1981.??.??"]
[PlyCount "148"]

1.e4 g6 2.d4 Bg7 3.Nc3 d6 4.Nf3 Nf6 5.Bf4 O-O 6.Qd2 Nc6 7.d5 e5 8.dxe6 
Bxe6 9.O-O-O a6 10.Ng5 Bd7 11.f3 b5 12.Nd5 h6 13.Nh3 Bxh3 14.gxh3 Kh7 15.
Be3 Nxd5 16.Qxd5 Qf6 17.Qxc6 Qxf3 18.Bd3 Qxe3+ 19.Kb1 Qd4 20.c3 Qe5 21.a3 
Rab8 22.Qd5 a5 23.Qxe5 Bxe5 24.Kc2 Kg7 25.Rd2 c5 26.Be2 Rfc8 27.a4 c4 28.
axb5 Rxb5 29.Ra1 Rbc5 30.Ra4 h5 31.Rd5 Rxd5 32.exd5 Rc5 33.Bxc4 Bxh2 34.
Kd3 Kf6 35.Ra2 Be5 36.b4 axb4 37.cxb4 Rc7 38.b5 Rb7 39.Ke4 Kg5 40.Ra6 f5+ 
41.Kf3 Kh4 42.Rc6 g5 43.b6 g4+ 44.hxg4 hxg4+ 45.Ke3 f4+ 46.Ke4 f3 47.Ba6 
f2 48.Ke3 Kg3 49.Bf1 Kh2 50.Kxf2 Rxb6 51.Rc2 Rb1 52.Bd3 Rb3 53.Be4 Ra3 54.
Kf1+ Kg3 55.Rd2 Ra1+ 56.Ke2 Bf4 57.Rb2 Ra3 58.Kf1 Be5 59.Rd2 Kf4 60.Bg2 
Bc3 61.Rd1 Ra2 62.Kg1 Bd2 63.Kh2 Kg5 64.Rb1 Bf4+ 65.Kh1 Kh4 66.Be4 Re2 67.
Bg2 Rd2 68.Ra1 Rb2 69.Rd1 Kg3 70.Rd3+ Kf2 71.Rd1 Rb8 72.Rf1+ Kg3 73.Re1 
Bd2 74.Rd1 Be3 0-1

[Event "38th POL-ch"]
[Site "Warszawa POL"]
[Date "1981.??.??"]
[Round "2"]
[White "Kuligowski, Adam"]
[Black "Przewoznik, Jan"]
[Result "1-0"]
[WhiteElo "2450"]
[BlackElo "2370"]
[EventDate "1981.??.??"]
[PlyCount "81"]

1.d4 Nf6 2.c4 e6 3.Nf3 d5 4.Bg5 Be7 5.Nc3 O-O 6.e3 Nbd7 7.Rc1 a6 8.cxd5 
exd5 9.Bd3 c6 10.Qc2 h6 11.Bh4 Ne8 12.Bg3 Bd6 13.O-O Bxg3 14.hxg3 Nd6 15.
b4 Nb6 16.Ne5 Nbc4 17.Bxc4 dxc4 18.Ne2 Be6 19.Nf4 Bd5 20.f3 f6 21.e4 fxe5 
22.dxe5 Bf7 23.Rfd1 Qb6+ 24.Kh2 Nc8 25.e6 Be8 26.Qxc4 Ne7 27.Rd7 Bxd7 28.
exd7+ Kh8 29.Rd1 Qb5 30.Qe6 Qxb4 31.Rd6 Rf6 32.d8=Q+ Rxd8 33.Rxd8+ Kh7 34.
Qe5 Ng6 35.Nxg6 Rxg6 36.Qe8 Rg5 37.f4 Rxg3 38.f5 Rxg2+ 39.Kxg2 Qb2+ 40.Kh3
Qc3+ 41.Kg4 1-0

[Event "38th POL-ch"]
[Site "Warszawa POL"]
[Date "1981.??.??"]
[Round "2"]
[White "Nowak, Ignacy"]
[Black "Panczyk, Krzysztof"]
[Result "0-1"]
[WhiteElo "2370"]
[BlackElo "2365"]
[EventDate "1981.??.??"]
[PlyCount "80"]

1.c4 e6 2.Nf3 Nf6 3.d4 d5 4.Nc3 Nbd7 5.Bg5 c6 6.e3 Qa5 7.Nd2 Bb4 8.Qc2 O-O
9.Bh4 e5 10.O-O-O exd4 11.Nb3 Qb6 12.Rxd4 dxc4 13.Bxc4 a5 14.Nd2 a4 15.
Nde4 Be7 16.Rhd1 Ne5 17.Nxf6+ gxf6 18.Ne4 Bf5 19.Nxf6+ Bxf6 20.Qxf5 Bg7 
21.Bf6 Ra5 22.Bxg7 Kxg7 23.Qg5+ Ng6 24.Qg3 a3 25.b3 Rc5 26.R1d2 Qb4 27.Kd1
Qc3 28.Ke2 b5 29.Bd3 Qa1 30.Bc2 Re8 31.Qg4 Re7 32.Bxg6 hxg6 33.Rd8 Ree5 
34.Qc8 Rf5 35.Rg8+ Kh7 36.Rgd8 Rc1 37.f4 Rf1 38.Kd3 Rh5 39.Re2 Qf6 40.Qg4 
Qxd8+ 0-1

[Event "38th POL-ch"]
[Site "Warszawa POL"]
[Date "1981.??.??"]
[Round "2"]
[White "Pokojowczyk, Jerzy"]
[Black "Rakowiecki, Tomasz"]
[Result "1-0"]
[WhiteElo "2270"]
[BlackElo "2270"]
[EventDate "1981.??.??"]
[PlyCount "66"]

1.e4 c5 2.Nf3 g6 3.d3 Bg7 4.g3 Nc6 5.Bg2 e6 6.O-O Nge7 7.c3 d5 8.Nbd2 O-O 
9.Re1 b6 10.e5 Qc7 11.Qe2 a5 12.Nf1 b5 13.h4 b4 14.N1h2 a4 15.a3 bxc3 16.
bxc3 Rb8 17.Ng4 Rb3 18.Bf4 Rxc3 19.Nf6+ Kh8 20.Ng5 h6 21.Qg4 Bxf6 22.exf6 
e5 23.fxe7 Qxe7 24.Qd1 hxg5 25.hxg5 Qd6 26.Rxe5 Nxe5 27.Qe1 f6 28.Qxc3 d4 
29.Qa5 fxg5 30.Bxe5+ Qxe5 31.Re1 Qf5 32.Qd2 Ba6 33.Be4 Qf6 1-0

[Event "38th POL-ch"]
[Site "Warszawa POL"]
[Date "1981.??.??"]
[Round "3"]
[White "Panczyk, Krzysztof"]
[Black "Bielczyk, Jacek"]
[Result "1/2-1/2"]
[WhiteElo "2365"]
[BlackElo "2410"]
[EventDate "1981.??.??"]
[PlyCount "39"]

1.d4 Nf6 2.c4 c5 3.d5 b5 4.cxb5 a6 5.bxa6 Bxa6 6.Nc3 d6 7.e4 Bxf1 8.Kxf1 
g6 9.g3 Bg7 10.Kg2 O-O 11.Nf3 Nbd7 12.h3 Qa5 13.Re1 Rfb8 14.e5 dxe5 15.
Nxe5 Nxe5 16.Rxe5 Ra7 17.Re2 Rd7 18.Bf4 Rbd8 19.Qb3 Qb4 20.Be5 1/2-1/2

[Event "38th POL-ch"]
[Site "Warszawa POL"]
[Date "1981.??.??"]
[Round "3"]
[White "Przewoznik, Jan"]
[Black "Kruszynski, Wlodzimierz"]
[Result "1/2-1/2"]
[WhiteElo "2370"]
[BlackElo "2325"]
[EventDate "1981.??.??"]
[PlyCount "81"]

1.e4 c5 2.Nf3 e6 3.c3 Nf6 4.e5 Nd5 5.d4 cxd4 6.cxd4 d6 7.a3 Bd7 8.Bd3 Bc6 
9.O-O Nd7 10.exd6 Bxd6 11.Nc3 Nxc3 12.bxc3 Qa5 13.c4 Qh5 14.d5 Ne5 15.Nxe5
Qxe5 16.g3 Qxa1 17.dxc6 bxc6 18.c5 Be7 19.Qf3 O-O 20.Bg5 Qxf1+ 21.Kxf1 
Bxg5 22.Qxc6 g6 23.Ba6 Rab8 24.h4 Bf6 25.Qf3 Be5 26.Qe4 Bc7 27.h5 Rfd8 28.
Bb7 gxh5 29.c6 Rd5 30.Qa4 a5 31.Qh4 Kf8 32.Qf6 Rf5 33.Qc3 Rd8 34.Bc8 Ke7 
35.Bd7 Rb8 36.Kg2 h4 37.g4 Rg8 38.Kh3 Rd5 39.Kxh4 Bb6 40.f4 Rd4 41.Qb2 
1/2-1/2

[Event "38th POL-ch"]
[Site "Warszawa POL"]
[Date "1981.??.??"]
[Round "3"]
[White "Rakowiecki, Tomasz"]
[Black "Kuligowski, Adam"]
[Result "1-0"]
[WhiteElo "2270"]
[BlackElo "2450"]
[EventDate "1981.??.??"]
[PlyCount "43"]

1.e4 c5 2.Nf3 d6 3.d4 cxd4 4.Nxd4 Nf6 5.Nc3 a6 6.Bg5 e6 7.Qf3 h6 8.Bh4 
Nbd7 9.O-O-O Qc7 10.Be2 b5 11.e5 Bb7 12.Nxe6 Qc8 
    ( 12...fxe6 13.Qh5+ $1 )
13.Nxg7+ Bxg7 14.Qg3 dxe5 15.Qxg7 Rg8 16.Qxh6 b4 17.Bxf6 bxc3 18.Rhe1 Qc5 
19.Bh5 Bd5 20.Bxe5 cxb2+ 21.Bxb2+ Kd8 22.Bxf7 1-0

[Event "38th POL-ch"]
[Site "Warszawa POL"]
[Date "1981.??.??"]
[Round "3"]
[White "Schinzel, Wladyslaw"]
[Black "Pokojowczyk, Jerzy"]
[Result "1/2-1/2"]
[WhiteElo "2375"]
[BlackElo "2390"]
[EventDate "1981.??.??"]
[PlyCount "48"]

1.d4 Nf6 2.c4 e6 3.Nf3 b6 4.g3 Bb7 5.Bg2 Be7 6.O-O O-O 7.Nc3 Ne4 8.Qc2 
Nxc3 9.Qxc3 f5 10.Rd1 Bf6 11.b3 Qe7 12.Qd2 a5 13.Bb2 Na6 14.d5 Bxb2 15.
Qxb2 d6 16.a3 Nc5 17.Nd4 e5 18.Nc6 Bxc6 19.dxc6 e4 20.b4 Ne6 21.f3 exf3 
22.exf3 f4 23.Re1 Qf7 24.Re4 axb4 1/2-1/2

[Event "38th POL-ch"]
[Site "Warszawa POL"]
[Date "1981.??.??"]
[Round "3"]
[White "Schmidt, Wlodzimierz"]
[Black "Adamski, Jan"]
[Result "1-0"]
[WhiteElo "2495"]
[BlackElo "2430"]
[EventDate "1981.??.??"]
[PlyCount "61"]

1.d4 Nf6 2.c4 e6 3.Nf3 b6 4.Nc3 Bb7 5.Bg5 h6 6.Bh4 g5 7.Bg3 Nh5 8.e3 Nxg3 
9.hxg3 Bg7 10.g4 Nc6 11.Qa4 Qe7 12.Bd3 a6 13.a3 O-O 14.Qc2 d6 15.Bh7+ Kh8 
16.Be4 b5 17.d5 Na5 18.dxe6 fxe6 19.Bxb7 Nxb7 20.cxb5 axb5 21.Nxb5 c5 22.
Qg6 Qf6 23.Qxf6 Rxf6 24.Nxg5 Rg6 25.Nf7+ Kg8 26.Nfxd6 Nxd6 27.Nxd6 Bxb2 
28.Ra2 Be5 29.Ne4 Rxg4 30.Nxc5 Rxg2 31.Rxh6 1-0

[Event "38th POL-ch"]
[Site "Warszawa POL"]
[Date "1981.??.??"]
[Round "3"]
[White "Stempin, Pawel"]
[Black "Jasnikowski, Zbigniew"]
[Result "1/2-1/2"]
[WhiteElo "2325"]
[BlackElo "2380"]
[EventDate "1981.??.??"]
[PlyCount "51"]

1.d4 g6 2.e4 Bg7 3.Nc3 d6 4.f4 a6 5.Nf3 b5 6.Bd3 Bb7 7.a4 b4 8.Ne2 Nd7 9.
O-O c5 10.c3 bxc3 11.bxc3 cxd4 12.cxd4 Nc5 13.dxc5 Bxa1 14.Ba3 Bg7 15.cxd6
exd6 16.Bc4 Qb6+ 17.Kh1 Nf6 18.a5 Qc7 19.e5 Qxc4 20.exf6 Bxf6 21.Qxd6 Qe6 
22.Qd1 Rd8 23.Ned4 Bxd4 24.Nxd4 Bxg2+ 25.Kxg2 Qe4+ 26.Qf3 1/2-1/2

[Event "38th POL-ch"]
[Site "Warszawa POL"]
[Date "1981.??.??"]
[Round "3"]
[White "Sznapik, Aleksander"]
[Black "Hawelko, Marek"]
[Result "1/2-1/2"]
[WhiteElo "2450"]
[BlackElo "2345"]
[EventDate "1981.??.??"]
[PlyCount "81"]

1.c4 c5 2.g3 g6 3.Bg2 Bg7 4.Nc3 Nc6 5.Rb1 Rb8 6.a3 a6 7.b4 cxb4 8.axb4 b5 
9.cxb5 axb5 10.Nh3 e5 11.f4 Nge7 12.fxe5 Bxe5 13.O-O d5 14.Qb3 O-O 15.Nf4 
Nd4 16.Qd1 Bg4 17.h3 Bf5 18.d3 Ne6 19.Ncxd5 Nxd5 20.Nxd5 Bxh3 21.e4 Bxg2 
22.Kxg2 Nc7 23.Nf4 Ra8 24.Qb3 Qd6 25.Be3 Ne6 26.Nxe6 Qxe6 27.Qxe6 fxe6 28.
Rxf8+ Kxf8 29.Bc5+ Ke8 30.d4 Ra2+ 31.Kh3 Bf6 32.Rf1 Be7 33.Rc1 Rd2 34.e5 
Bxc5 35.Rxc5 Rxd4 36.Rxb5 h5 37.Rb7 Rd5 38.Rb8+ Kd7 39.Rg8 Rxe5 40.Rxg6 
Rb5 41.Kh4 1/2-1/2

[Event "38th POL-ch"]
[Site "Warszawa POL"]
[Date "1981.??.??"]
[Round "4"]
[White "Adamski, Jan"]
[Black "Stempin, Pawel"]
[Result "1-0"]
[WhiteElo "2430"]
[BlackElo "2325"]
[EventDate "1981.??.??"]
[PlyCount "165"]

1.c4 Nf6 2.Nf3 b6 3.d4 e6 4.g3 Bb7 5.Bg2 Bb4+ 6.Bd2 Be7 7.Nc3 O-O 8.O-O 
Na6 9.Ne5 Bxg2 10.Kxg2 Qb8 11.e3 Qb7+ 12.Qf3 c6 13.Rad1 Rac8 14.e4 d5 15.
exd5 cxd5 16.Bg5 Rcd8 17.cxd5 exd5 18.Rfe1 Rfe8 19.Bxf6 Bxf6 20.Ng4 Be7 
21.Re5 Nc7 22.Ne3 Qa6 23.Nexd5 Nxd5 24.Nxd5 Bd6 25.Rxe8+ Rxe8 26.Nc3 b5 
27.Qd5 b4 28.Nb5 Rd8 29.Re1 Kf8 30.Qf5 Kg8 31.Qd5 Kf8 32.Qf5 Kg8 33.Nxd6 
Qxd6 34.Rd1 g6 35.Qf3 Qb6 36.d5 Rd6 37.Qe4 Qb5 38.Qd4 Qa5 39.Qe5 Rd8 40.
Qg5 h6 41.Qd2 Rd6 42.a3 Qd8 43.axb4 Qd7 44.Qd4 a6 45.h4 h5 46.Qe5 Kh7 47.
Rd4 Kg8 48.Kh2 Kh7 49.Qe4 Kg8 50.Rd3 Kh7 51.Kg2 Qb5 52.Qd4 Kg8 53.Kh2 Qd7 
54.Kg1 Kh7 55.Qc5 Kg8 56.Kh2 Kh7 57.Kg2 Kg8 58.Qc4 Kh7 59.Qd4 Kg8 60.Qe5 
Kh7 61.Qe4 Qb7 62.Rd1 Kg8 63.b3 Kh7 64.Rd3 Kg8 65.Kh2 Kh7 66.Kg1 Qd7 67.
Qe5 Kg8 68.Rd1 Kh7 69.Rd2 Kg8 70.Kg2 Kh7 71.Kh2 Kg8 72.b5 axb5 73.Ra2 Qd8 
74.Ra8 Qxa8 75.Qxd6 Qa2 76.Qb8+ Kh7 77.Qf4 Kg8 78.Qd4 Qa8 79.d6 Qd8 80.d7 
b4 81.Kg1 Kh7 82.Qd6 Kh6 83.Qe5 1-0

[Event "38th POL-ch"]
[Site "Warszawa POL"]
[Date "1981.??.??"]
[Round "4"]
[White "Bielczyk, Jacek"]
[Black "Ksieski, Zbigniew"]
[Result "1-0"]
[WhiteElo "2410"]
[BlackElo "2345"]
[EventDate "1981.??.??"]
[PlyCount "65"]

1.e4 c5 2.Nf3 d6 3.d4 cxd4 4.Nxd4 Nf6 5.Nc3 a6 6.g3 e5 7.Nde2 Be7 8.Bg2 
Qc7 9.a4 b6 10.O-O O-O 11.h3 Nc6 12.g4 Nb4 13.Ng3 Rb8 14.Nf5 Rd8 15.g5 Ne8
16.f4 Bf8 17.Ne3 Bb7 18.f5 d5 19.Nexd5 Bxd5 20.exd5 b5 21.axb5 axb5 22.Kh1
Bc5 23.Qe2 Bd4 24.g6 Bxc3 25.gxf7+ Kxf7 26.d6 Rxd6 27.bxc3 Qxc3 28.Ra7+ 
Kg8 29.Ba3 Rd2 30.Qh5 Qc4 31.Bxb4 Qxb4 32.f6 Qf8 33.fxg7 1-0

[Event "38th POL-ch"]
[Site "Warszawa POL"]
[Date "1981.??.??"]
[Round "4"]
[White "Hawelko, Marek"]
[Black "Przewoznik, Jan"]
[Result "0-1"]
[WhiteElo "2345"]
[BlackElo "2370"]
[EventDate "1981.??.??"]
[PlyCount "124"]

1.c4 c6 2.Nc3 d5 3.d4 Nf6 4.e3 e6 5.Nf3 Nbd7 6.Bd3 Nb6 7.c5 Nbd7 8.b4 Be7 
9.O-O Qc7 10.Re1 O-O 11.e4 dxe4 12.Nxe4 Nxe4 13.Rxe4 a5 14.Bf4 Qd8 15.bxa5
Rxa5 16.Ne5 Nxe5 17.Bxe5 Bf6 18.Bd6 Be7 19.Be5 Bf6 20.Bc2 Bxe5 21.Rxe5 Qf6
22.Qd2 Ra3 23.Qb4 Ra8 24.a4 Rd8 25.g3 Rd7 26.Qc3 Qd8 27.Rd1 Rd5 28.Qd3 g6 
29.Qe3 Ra5 30.Bb3 Rd7 31.h4 Re7 32.h5 b6 33.h6 b5 34.axb5 Rxb5 35.Ba4 f6 
36.Re4 Qd5 37.Rf4 Rb4 38.Bc2 f5 39.Qe5 Rd7 40.Qf6 Rf7 41.Qe5 g5 42.Qxd5 
cxd5 43.Rf3 Ra7 44.Re1 g4 45.Rf4 Kf7 46.f3 Ra2 47.Bd1 Rbb2 48.Be2 Rxe2 49.
Rxe2 Rxe2 50.fxg4 Re4 51.gxf5 exf5 52.Rf3 Rxd4 53.Ra3 Rc4 54.Ra7+ Kg6 55.
Rg7+ Kxh6 56.Rc7 Be6 57.Rc6 Re4 58.Rd6 Kg5 59.c6 Bc8 60.Rd8 Be6 61.Re8 Kf6
62.c7 Rc4 0-1

[Event "38th POL-ch"]
[Site "Warszawa POL"]
[Date "1981.??.??"]
[Round "4"]
[White "Jasnikowski, Zbigniew"]
[Black "Sznapik, Aleksander"]
[Result "0-1"]
[WhiteElo "2380"]
[BlackElo "2450"]
[EventDate "1981.??.??"]
[PlyCount "76"]

1.d4 Nf6 2.Nf3 g6 3.c4 Bg7 4.g3 O-O 5.Bg2 d6 6.O-O Bg4 7.Nc3 Qc8 8.Re1 c5 
9.d5 Na6 10.e4 Nc7 11.Qd2 b5 $1 12.Nxb5 Nxb5 13.cxb5 a6 
    ( 13...Qb7 $1 14.a4 a6 $44 )
14.bxa6 Qxa6 15.Qc2 Nd7 16.Bd2 Bxf3 17.Bxf3 Rfb8 18.Be2 Qa4 19.b3 Qa3 20.
Bc1 Qa7 21.Bb2 Bxb2 22.Qxb2 Rb4 23.Qc2 Qb6 24.Kg2 Ra3 25.f4 $6 Qa5 26.Reb1
Nb6 $1 27.Rb2 Rd4 28.Rd1 Rxd1 29.Bxd1 c4 30.bxc4 Rc3 31.Qd2 Nxc4 32.Rb8+ 
Kg7 33.Qd4+ f6 34.Rb7 Kf7 35.Bb3 Ne3+ 36.Kh3 Qa6 $1 37.Qxc3 Qf1+ 38.Kh4 
Ng2+ 0-1

[Event "38th POL-ch"]
[Site "Warszawa POL"]
[Date "1981.??.??"]
[Round "4"]
[White "Kruszynski, Wlodzimierz"]
[Black "Rakowiecki, Tomasz"]
[Result "0-1"]
[WhiteElo "2325"]
[BlackElo "2270"]
[EventDate "1981.??.??"]
[PlyCount "82"]

1.e4 c5 2.Nf3 g6 3.Bc4 Bg7 4.O-O d6 5.c3 Qc7 6.d4 Nf6 7.e5 dxe5 8.dxe5 Ng4
9.e6 f5 10.h3 Nf6 11.Be3 O-O 12.Qc1 b5 13.Bxb5 Bxe6 14.Na3 Nbd7 15.Ng5 Bd5
16.c4 Bf7 17.Bxd7 Nxd7 18.Rd1 a6 19.Nb1 Ne5 20.Nxf7 Rxf7 21.Nc3 e6 22.Na4 
Nd7 23.f4 e5 24.Rd5 exf4 25.Bxf4 Qc6 26.Nc3 Nf6 27.Rd6 Qb7 28.Bh6 Bxh6 29.
Qxh6 Qxb2 30.Rad1 Re8 31.Nd5 Ne4 32.Rxa6 f4 33.Rf1 Qd4+ 34.Kh2 Qe5 35.Rf3 
Ng5 36.Rxf4 Rxf4 37.Rxg6+ hxg6 38.Qxg6+ Kf8 39.Qh6+ Qg7 40.Qd6+ Kg8 41.
Qxf4 Rf8 0-1

[Event "38th POL-ch"]
[Site "Warszawa POL"]
[Date "1981.??.??"]
[Round "4"]
[White "Nowak, Ignacy"]
[Black "Schmidt, Wlodzimierz"]
[Result "1/2-1/2"]
[WhiteElo "2370"]
[BlackElo "2495"]
[EventDate "1981.??.??"]
[PlyCount "71"]

1.d4 Nf6 2.c4 g6 3.Nc3 d5 4.Nf3 Bg7 5.cxd5 Nxd5 6.e4 Nxc3 7.bxc3 c5 8.Be3 
Qa5 9.Qd2 Nc6 10.Rc1 cxd4 11.cxd4 Qxd2+ 12.Kxd2 O-O 13.Bb5 f5 14.exf5 Rxf5
15.Bc4+ e6 16.Rb1 Rf8 17.Rhc1 Bf6 18.Ke1 Rd8 19.Bb3 Bd7 20.d5 Na5 21.dxe6 
Nxb3 22.Rxb3 Bc6 23.Bg5 Bxg5 24.Nxg5 Rd6 25.Re3 Re8 26.f3 h6 27.Ne4 Rdxe6 
28.Rc4 Kg7 29.Kf2 Rd8 30.Rc2 Re5 31.Nc5 Rxe3 32.Kxe3 Kf6 33.Rb2 b6 34.Ne4+
Ke5 35.Nf2 Kf5 36.Rb4 1/2-1/2

[Event "38th POL-ch"]
[Site "Warszawa POL"]
[Date "1981.??.??"]
[Round "4"]
[White "Schinzel, Wladyslaw"]
[Black "Panczyk, Krzysztof"]
[Result "1/2-1/2"]
[WhiteElo "2375"]
[BlackElo "2365"]
[EventDate "1981.??.??"]
[PlyCount "41"]

1.d4 d5 2.c4 e6 3.Nc3 Nf6 4.Nf3 Nbd7 5.cxd5 exd5 6.Bf4 c6 7.e3 Be7 8.h3 
O-O 9.Bd3 Re8 10.Qc2 Nf8 11.O-O-O Be6 12.g4 Rc8 13.Ne5 Qa5 14.Kb1 c5 15.
dxc5 Bxc5 16.Qa4 Bb4 17.Qxa5 Bxa5 18.Nb5 Ne4 19.Bxe4 dxe4 20.g5 Bb4 21.b3 
1/2-1/2

[Event "38th POL-ch"]
[Site "Warszawa POL"]
[Date "1981.??.??"]
[Round "5"]
[White "Ksieski, Zbigniew"]
[Black "Schinzel, Wladyslaw"]
[Result "1-0"]
[WhiteElo "2345"]
[BlackElo "2375"]
[EventDate "1981.??.??"]
[PlyCount "80"]

1.d4 d5 2.c4 e6 3.Nf3 Nf6 4.g3 dxc4 5.Bg2 a6 6.O-O b5 7.Ne5 Nd5 8.a4 c6 9.
b3 cxb3 10.Qxb3 Be7 11.Bb2 O-O 12.Nc3 b4 13.Ne4 a5 14.Rac1 Ba6 15.Bf3 Qb6 
16.Rfd1 Ra7 17.Nc5 Rc7 18.e4 Nf6 19.Ng4 Bc8 20.Nxf6+ Bxf6 21.e5 Be7 22.Be4
Na6 23.Qc2 h6 24.h4 Rd8 25.Rd3 f5 26.exf6 Bxf6 27.Qb3 Kf7 28.Rf3 Ke7 29.
Bd3 Nxc5 30.dxc5 Qa7 31.Bxf6+ gxf6 32.Qb2 e5 33.Qd2 Bg4 34.Rxf6 Kxf6 35.
Qxh6+ Kf7 36.Qh7+ Ke6 37.Qg6+ Ke7 38.Qg7+ Ke6 39.Qxg4+ Ke7 40.Qg5+ Ke8 1-0